Normal view
MARC view
- Grami, Ali.
Entry Personal Name
001 - CONTROL NUMBER
- control field: 32570
003 - CONTROL NUMBER IDENTIFIER
- control field: OSt
005 - DATE AND TIME OF LATEST TRANSACTION
- control field: 20181116112320.0
008 - FIXED-LENGTH DATA ELEMENTS
- fixed length control field: 181116|| aca||aabn | a|a d
040 ## - CATALOGING SOURCE
- Original cataloging agency: OSt
- Transcribing agency: OSt
100 ## - HEADING--PERSONAL NAME
- Personal name: Grami, Ali.
670 ## - SOURCE DATA FOUND
- Source citation: Work cat.: (OSt): Grami, Ali., Introduction to digital communications /, ©2016.
